Welcome to CU Library Online Public Access Catalogue (OPAC)

Federal practice and procedure. (Record no. 5885)

MARC details
000 -LEADER
fixed length control field 01047cam a2200253 4500
001 - CONTROL NUMBER
control field 788105
005 - DATE AND TIME OF LATEST TRANSACTION
control field 20250521113000.0
008 - FIXED-LENGTH DATA ELEMENTS--GENERAL INFORMATION
fixed length control field 690801m19699999mnuk 001 0 eng
050 00 - LIBRARY OF CONGRESS CALL NUMBER
Classification number KF8840
Item number .W68
082 00 - DEWEY DECIMAL CLASSIFICATION NUMBER
Classification number 347.73/5
-- 347.3075
Edition information 19
100 1# - MAIN ENTRY--PERSONAL NAME
Personal name Wright, Charles Alan.
245 10 - TITLE STATEMENT
Title Federal practice and procedure.
Remainder of title Federal rules of criminal procedure
260 ## - PUBLICATION, DISTRIBUTION, ETC.
Place of publication, distribution, etc. St. Paul,
Name of publisher, distributor, etc. West Group,
Date of publication, distribution, etc. c1969-
300 ## - PHYSICAL DESCRIPTION
Extent xxi,845p;
Other physical details forms.
Dimensions 27 cm.
500 ## - GENERAL NOTE
General note Some vols. co-authored with A.R. Miller, E.H. Cooper, and others.
500 ## - GENERAL NOTE
General note Publisher: West Pub. (1969-1998).
500 ## - GENERAL NOTE
General note Includes v. 20: Federal practice deskbook, v. 31 (interim ed.): Federal Rules of Evidence, rules 801 to 1103 (end) and unnumbered General index and tables volumes.
500 ## - GENERAL NOTE
General note Description based on: v. 10, t.p., 1998.
650 #0 - SUBJECT ADDED ENTRY--TOPICAL TERM
Topical term or geographic name entry element Criminal procedure
Geographic subdivision United States.
650 #0 - SUBJECT ADDED ENTRY--TOPICAL TERM
Topical term or geographic name entry element Civil procedure
Geographic subdivision United States.
700 1# - ADDED ENTRY--PERSONAL NAME
Personal name Miller, Arthur R.
Fuller form of name (Arthur Raphael),
Dates associated with a name 1934-
700 1# - ADDED ENTRY--PERSONAL NAME
Personal name Cooper, Edward H.
Fuller form of name (Edward Hayes),
Dates associated with a name 1941-
942 ## - ADDED ENTRY ELEMENTS (KOHA)
Source of classification or shelving scheme Library of Congress Classification
Koha item type Books
Suppress in OPAC No
999 ## -
-- 5885
-- 5885
Holdings
Withdrawn status Lost status Source of classification or shelving scheme Damaged status Not for loan Collection Home library Current library Shelving location Date acquired Total checkouts Full call number Barcode Date last seen Price effective from Koha item type
    Library of Congress Classification     Non-fiction Law Library (Kumasi) Law Library (Kumasi) General stacks 05/21/2025   KF8840.W68 Wri LLK00000149 05/21/2025 05/21/2025 Books
© 2023-2024 Copyright: Central University Libraries. All Rights Reserved | Created by: Mahone Tech Office